00862nam a2200205 a 4500008004100000020001500041050001600056100002000072245011300092260004400205300002000249490003300269490000700302650005600309650003000365700001800395995009400413999001700507952013200524130418s2006 ||||||||||||||||| || u a0850928354 aHC 59.7 Eur aGrynberg, Roman14aThe European Development Fund and Economic Partnership Agreementscedited by Roman Grynberg and Alice Clarke aLondon:bCommonwealth Secretariatc2006 avi, 161p.: ill. aCommonwealth economic papers v75 aECONOMIC ASSISTANCE, EUROPEAN--DEVELOPING COUNTRIES aEUROPEAN DEVELOPMENT FUND aClarke, Alice FCBU-MAIN LIBRARY (Kitwe)M1UAVAILABLEWJun 13, 2013ZMain Library Open Access Collection c42585d42585 00102lcc4070a001b001cMain Library Open Access Collectiond2022-11-30l0oHC 59.7 Eurp743889r2022-11-30w2022-11-30y002